| 000 | 00741nam a22002297a 4500 | ||
|---|---|---|---|
| 003 | CO-ViMGA | ||
| 008 | 160903b xxu||||| |||| 00| 0 eng d | ||
| 020 | _a9789587753530 | ||
| 040 |
_aCO-ViMGA _bspa _cCO-ViMGA |
||
| 041 | _hSpa | ||
| 082 | 0 | 4 | _a701.17 D415a |
| 245 | 1 | 0 |
_aDiálogos desde la Diferencia _bDebates sobre Pensamiento Estético e Historia |
| 260 |
_aMedellín, Colombia _bUniversidad Nacional de Colombia _c2015 |
||
| 300 | _a250 p | ||
| 490 | _aEncuentro Nacional de Estética y Filosofía de Arte | ||
| 650 | 1 | 4 |
_aArte e Historia _95491 |
| 650 | 1 | 4 |
_aArte Urbano _95490 |
| 650 | 1 | 4 |
_aEstética _95065 |
| 650 | 1 | 4 |
_aFilosofía del Arte _vHistoria _95489 |
| 700 | 1 |
_aRojas López, Manuel Bernardo _95007 |
|
| 942 |
_2ddc _cBK |
||
| 999 |
_c35989 _d35989 |
||